| 000 | 00615cab a22001935a 4500 | ||
|---|---|---|---|
| 001 | L146649 | ||
| 008 | 090211s2009 xxk f 000 0 eng d | ||
| 035 | _a(Sirsi) u146649 | ||
| 041 | 0 | _aeng | |
| 100 | 1 | _aBrown, Peter | |
| 245 | 0 | 0 | _aRevolutionising rentals |
| 260 | _c2009 | ||
| 490 | 0 |
_aIRRV Insight _vFebruary 2009, 26(1) |
|
| 520 | _aIn the first of a two part article, investigates the effect of the economic downturn on the property market. Outlines a range of letting incentives. | ||
| 590 | _aKA | ||
| 651 | 4 |
_aUnited Kingdom _y |
|
| 690 | _aPROPERTY-PROPERTY APPRAISAL AND VALUATION | ||
| 942 | _n0 | ||
| 999 |
_c81220 _d81220 |
||